Ke koncepci agrárního programu ČR

Pokles významu poľnohospodárstva v národnom hospodárstve. Potreba subvencií z verejných rozpočtov. Marx-leninský model poľnohospodárstva a Mill-Marshalova štruktúra poľnohospodárstva v kapitalistických štátoch. Nedostatočné výsledky poľnohospodárstva komunistických štátov. Výsledky poľnohospodárstva...

Descrizione completa

Salvato in:
Dettagli Bibliografici
Autore principale: Šilar, J.
Natura: Capitolo di libro
Lingua:ceco
Soggetti:
Tags: Aggiungi Tag
Nessun Tag, puoi essere il primo ad aggiungerne!!

MARC

LEADER 00000naa a2200000 4500
001 r016201
005 20221205090724.3
041 0 |a cze 
044 |a CZ 
245 1 0 |a Ke koncepci agrárního programu ČR  |c J. Šilar 
520 |a Pokles významu poľnohospodárstva v národnom hospodárstve. Potreba subvencií z verejných rozpočtov. Marx-leninský model poľnohospodárstva a Mill-Marshalova štruktúra poľnohospodárstva v kapitalistických štátoch. Nedostatočné výsledky poľnohospodárstva komunistických štátov. Výsledky poľnohospodárstva v ČR pri prechode k trhovému hospodárstvu. Nová štruktúra poľnohospodárskych podnikov v ČR a nových krajinách SRN. 
610 2 0 |a poľnohospodárstvo 
610 2 0 |a poľnohospodárstvo 
610 2 0 |a subvencie 
610 2 0 |a dotácie 
610 2 0 |a západná Európa 
610 2 0 |a USA 
610 2 0 |a Česko 
610 2 0 |a hospodárstvo trhové 
610 2 0 |a výnosy hektárové 
610 2 0 |a produktivita práce 
610 2 0 |a modely 
610 2 0 |a podnik poľnohospodársky 
610 2 0 |a farmy 
610 2 0 |a hospodárstvo národné 
100 1 |a Šilar, J.